=LDR 00000nam 2200000 4500 =001 INLIS000000000048317 =005 20161020154955.0 =006 =007 =008 =020 ##$$a 978-979-29-4373-3 =035 ##$$0010-101600000000075 =082 ##$$2 22 $a 634.9 =090 ##$$a 634.9 $b Kri i =100 ##$$a Kristopel Bili =245 ##$$a Investasi Prospektif dengan berkebun suoka : berlian dari hutan $c Kristopel Bili =260 ##$$a Yogyakarta $b Lily Publisher $c 2014 =300 ##$$a vi, 94 hlm. $b ilus $c 23 cm. =500 ##$$a Bibliografi : hlm. 91 =650 ##$$a Suoka ( Tanaman Hutan )